[Event "Kaupthing op-B 1st"]
[Site "Differdange"]
[Date "2007.07.09"]
[Round "4"]
[White "Pietras, Ryszard"]
[Black "Steffen, Robert"]
[Result "1-0"]
[WhiteElo "1800"]
[BlackElo "1552"]
[PlyCount "59"]
[EventDate "2007.07.08"]
[EventType "swiss"]
[EventRounds "9"]
[EventCountry "LUX"]
[SourceTitle "EXT 2008"]
[Source "ChessBase"]
[SourceDate "2007.11.25"]
[SourceVersion "1"]
[SourceVersionDate "2007.11.25"]
[SourceQuality "1"]

1. e4 e6 2. d4 d5 3. e5 c5 4. c3 Nc6 5. Nf3 Qb6 6. Be2 Bd7 7. 0-0 cxd4 8. cxd4 Nge7 9. b3 Nf5 10. Bb2 Be7 11. g4 Nh6 12. h3 0-0 13. Nbd2 f6 14. Rc1 fxe5 15. dxe5 Rac8 16. Kg2 Nb4 17. a3 Rxc1 18. Bxc1 Na2 19. Bb2 Rc8 20. Qa1 Bb5 21. Bxb5 Qxb5 22. Qxa2 Rc2 23. Rc1 Qd3 24. Rxc2 Qxc2 25. Qb1 Qc7 26. Qd3 Nf7 27. b4 Ng5 28. Nxg5 Bxg5 29. Nf3 Bf4 30. Qd4 1-0

[Event "Kaupthing op-B 1st"]
[Site "Differdange"]
[Date "2007.07.08"]
[Round "3"]
[White "Carrillo, Jesus"]
[Black "Pietras, Ryszard"]
[Result "1-0"]
[WhiteElo "2174"]
[BlackElo "1800"]
[PlyCount "29"]
[EventDate "2007.07.08"]
[EventType "swiss"]
[EventRounds "9"]
[EventCountry "LUX"]
[SourceTitle "EXT 2008"]
[Source "ChessBase"]
[SourceDate "2007.11.25"]
[SourceVersion "1"]
[SourceVersionDate "2007.11.25"]
[SourceQuality "1"]

1. e4 d5 2. exd5 Qxd5 3. Nc3 Qa5 4. d4 c6 5. Bc4 Nf6 6. Bd2 Bg4 7. f3 Bh5 8. Nge2 e6 9. Nf4 Bg6 10. Qe2 Be7 11. 0-0-0 0-0 12. h4 h6 13. Nxg6 fxg6 14. Qxe6+ Rf7 15. Qxf7+ 1-0

[Event "Kaupthing op-B 1st"]
[Site "Differdange"]
[Date "2007.07.08"]
[Round "1"]
[White "Pietras, Ryszard"]
[Black "Yanovska, Violeta"]
[Result "1-0"]
[WhiteElo "1800"]
[BlackElo "1200"]
[PlyCount "50"]
[EventDate "2007.07.08"]
[EventType "swiss"]
[EventRounds "9"]
[EventCountry "LUX"]
[SourceTitle "EXT 2008"]
[Source "ChessBase"]
[SourceDate "2007.11.25"]
[SourceVersion "1"]
[SourceVersionDate "2007.11.25"]
[SourceQuality "1"]

1. e4 e5 2. Nf3 Nc6 3. Bc4 Bc5 4. d3 Nd4 5. Nxd4 Bxd4 6. c3 Bc5 7. 0-0 Ne7 8. b4 Bb6 9. a4 d6 10. a5 Bxf2+ 11. Rxf2 b6 12. Bxf7+ Kf8 13. Bd5+ Ke8 14. Bxa8 Ba6 15. Bd5 Nxd5 16. exd5 Qc8 17. axb6 axb6 18. Qa4+ Kd8 19. Qxa6 Qxa6 20. Rxa6 Re8 21. Ra8+ Kd7 22. Rxe8 Kxe8 23. d4 e4 24. Re2 Kd7 25. Rxe4 c6 1-0

[Event "Kaupthing op-B 1st"]
[Site "Differdange"]
[Date "2007.07.08"]
[Round "2"]
[White "Schweitzer, Marc"]
[Black "Pietras, Ryszard"]
[Result "1-0"]
[WhiteElo "1912"]
[BlackElo "1800"]
[PlyCount "57"]
[EventDate "2007.07.08"]
[EventType "swiss"]
[EventRounds "9"]
[EventCountry "LUX"]
[SourceTitle "EXT 2008"]
[Source "ChessBase"]
[SourceDate "2007.11.25"]
[SourceVersion "1"]
[SourceVersionDate "2007.11.25"]
[SourceQuality "1"]

1. c4 e5 2. Nc3 Nf6 3. g3 Nc6 4. Bg2 Be7 5. e3 0-0 6. Nge2 d6 7. 0-0 Be6 8. b3 a6 9. d4 exd4 10. exd4 Bg4 11. f3 Bd7 12. Nf4 g5 13. Nfd5 Nxd5 14. Nxd5 f5 15. f4 g4 16. Nxe7+ Qxe7 17. Bd5+ Kg7 18. Bb2 Kg6 19. Re1 Qd8 20. Bxc6 bxc6 21. d5 Re8 22. Qd4 Rxe1+ 23. Rxe1 Qf8 24. dxc6 Bxc6 25. Re6+ Kh5 26. Rf6 Qc8 27. Rf7 h6 28. Qf6 Qd8 29. Qxf5+ 1-0